[Event "23rd EUR-ch"]
[Site "Vrnjacka Banja SRB"]
[Date "2023.03.07"]
[Round "5.38"]
[White "Stefansson, Vignir Vatnar"]
[Black "Moroni, Luca jr"]
[Result "1-0"]
[WhiteElo "2461"]
[BlackElo "2578"]
[EventDate "2023.03.03"]
[PlyCount "79"]

1.d4 Nf6 2.c4 Nc6 3.Nf3 e6 4.g3 d6 5.Bg2 g6 6.O-O Bg7 7.Nc3 O-O 8.e4 h6 9.
Rb1 e5 10.d5 Ne7 11.Ne1 Nd7 12.Nd3 f5 13.f4 Kh7 14.Kh1 fxe4 15.Nxe4 Nf5 
16.c5 Qe7 17.b4 a5 18.a3 axb4 19.axb4 Ra2 20.Re1 Rxg2 21.Kxg2 Qf7 22.fxe5 
dxe5 23.d6 cxd6 24.cxd6 b6 25.Qb3 Qxb3 26.Rxb3 Bb7 27.Kh3 Nd4 28.Rc3 Nf3 
29.Re3 Nf6 30.Ndf2 Ng5+ 31.Nxg5+ hxg5 32.Rc7 Bc8+ 33.Kg2 Nd5 34.Ra7 Nxe3+ 
35.Bxe3 Be6 36.Bxg5 e4 37.d7 Bd5 38.d8=Q Rxd8 39.Bxd8 e3+ 40.Kg1 1-0

[Event "23rd EUR-ch"]
[Site "Vrnjacka Banja SRB"]
[Date "2023.03.07"]
[Round "5.39"]
[White "Goriachkina, Aleksandra"]
[Black "Rozen, Eytan"]
[Result "1/2-1/2"]
[WhiteElo "2576"]
[BlackElo "2458"]
[EventDate "2023.03.03"]
[PlyCount "127"]

1.d4 d5 2.c4 c6 3.Nf3 Nf6 4.Nc3 e6 5.e3 Nbd7 6.Qc2 Bd6 7.Bd3 O-O 8.O-O 
dxc4 9.Bxc4 e5 10.h3 Qe7 11.a3 a5 12.Bb3 b5 13.Rd1 Rb8 14.e4 c5 15.Nh4 g6 
16.dxc5 Nxc5 17.Bg5 Nxb3 18.Qxb3 Be6 19.Nd5 Bxd5 20.Rxd5 Qe6 21.Bxf6 Qxf6 
22.Nf3 Rfc8 23.Rxb5 Rxb5 24.Qxb5 Rc2 25.Qb3 Re2 26.Re1 Rxe1+ 27.Nxe1 Bc5 
28.Nf3 Bd4 29.Nxd4 exd4 30.Qd5 Qb6 31.b3 Qc7 32.Qxd4 Qc1+ 33.Kh2 Qxa3 34.
Qc4 Qb2 35.Kg3 Kg7 36.Kf3 Qd2 37.g3 h5 38.h4 Qd1+ 39.Ke3 Qe1+ 40.Qe2 Qc3+ 
41.Qd3 Qe1+ 42.Kf3 Qb4 43.Qc2 Qe1 44.Kf4 Qb4 45.Ke3 Qb6+ 46.Ke2 Qd4 47.Qd3
Qb4 48.Qc2 Qd4 49.f4 Qg1 50.Qc3+ Kg8 51.e5 Qg2+ 52.Kd1 Qf1+ 53.Kc2 Qg2+ 
54.Kb1 Qf2 55.Ka1 Qg2 56.Qe3 Kg7 57.Kb1 Kh7 58.Kc1 Kg7 59.Qc3 Kg8 60.Qd3 
Qg1+ 61.Kc2 Qf2+ 62.Kc1 Qe1+ 63.Kb2 Qf2+ 64.Kc1 1/2-1/2

[Event "23rd EUR-ch"]
[Site "Vrnjacka Banja SRB"]
[Date "2023.03.07"]
[Round "5.40"]
[White "Gurel, Ediz"]
[Black "Teclaf, Pawel"]
[Result "1/2-1/2"]
[WhiteElo "2454"]
[BlackElo "2568"]
[EventDate "2023.03.03"]
[PlyCount "30"]

1.e4 e6 2.d4 d5 3.Nd2 c5 4.Ngf3 cxd4 5.Nxd4 Nf6 6.e5 Nfd7 7.N2f3 Nc6 8.Bf4
Qb6 9.Rb1 Nxd4 10.Qxd4 Qa5+ 11.c3 Qxa2 12.Qd1 Nc5 13.Nd4 Bd7 14.Be2 Rc8 
15.O-O b5 1/2-1/2

[Event "23rd EUR-ch"]
[Site "Vrnjacka Banja SRB"]
[Date "2023.03.07"]
[Round "5.41"]
[White "Dragnev, Valentin"]
[Black "Nigalidze, Gaioz"]
[Result "1-0"]
[WhiteElo "2561"]
[BlackElo "2448"]
[EventDate "2023.03.03"]
[PlyCount "129"]

1.e4 c5 2.Nf3 d6 3.d4 cxd4 4.Nxd4 Nf6 5.Nc3 a6 6.a4 e5 7.Nf3 Be7 8.Bg5 Be6
9.Bxf6 Bxf6 10.Nd5 Nd7 11.Bc4 O-O 12.O-O Rc8 13.b3 Nb6 14.Nxf6+ Qxf6 15.
Bxe6 Qxe6 16.Nd2 a5 17.c4 Nd7 18.Nb1 Nc5 19.Nc3 f5 20.exf5 Rxf5 21.Ra2 e4 
22.Re1 Rcf8 23.Ree2 Rg5 24.Re3 Qg6 25.g3 Re5 26.Rd2 Rf6 27.Rd5 Qf5 28.Qc2 
Rfe6 29.f3 Rxd5 30.cxd5 Re5 31.Nxe4 h6 32.Qc4 Nxe4 33.fxe4 Qg4 34.Qe2 Qg6 
35.Kg2 Kh7 36.Qf3 Kg8 37.h3 Kh7 38.h4 Qe8 39.Qe2 Qg6 40.Kh3 Qe8 41.Kh2 Qg6
42.Kg2 Qe8 43.Qc4 Kh8 44.Qb5 Qg6 45.Qxb7 Kh7 46.Qc8 h5 47.Qc4 Qe8 48.Qc2 
Qg6 49.Qe2 Kh8 50.Qe1 Qe8 51.Kf2 Qf7+ 52.Kg1 Qa7 53.Kg2 Qd4 54.Qc3 Qxc3 
55.Rxc3 Rxe4 56.Rc6 Rb4 57.Rxd6 Rxb3 58.Ra6 Rd3 59.Rxa5 Rd4 60.Kf3 Kg8 61.
Ke3 Rg4 62.d6 Rxg3+ 63.Kf4 Rg4+ 64.Ke5 Kf7 65.Ra8 1-0

[Event "23rd EUR-ch"]
[Site "Vrnjacka Banja SRB"]
[Date "2023.03.07"]
[Round "5.42"]
[White "Gumularz, Szymon"]
[Black "Fromm, Marius"]
[Result "1-0"]
[WhiteElo "2558"]
[BlackElo "2428"]
[EventDate "2023.03.03"]
[PlyCount "87"]

1.Nf3 c5 2.c4 Nc6 3.Nc3 e5 4.g3 g6 5.a3 Bg7 6.Rb1 Nge7 7.Bg2 a5 8.O-O O-O 
9.Ne1 d6 10.Nc2 Be6 11.d3 d5 12.cxd5 Nxd5 13.Ne3 Nde7 14.Nc4 Rb8 15.a4 b6 
16.f4 f5 17.fxe5 Nxe5 18.Bf4 N7c6 19.Bxc6 Nxc6 20.Bxb8 Qxb8 21.Qd2 Bd4+ 
22.e3 Bg7 23.Ne2 Rd8 24.b3 Nb4 25.Nf4 Bf7 26.Qe2 Qc7 27.Rbd1 Re8 28.Qf3 
Rd8 29.g4 fxg4 30.Qxg4 Qe7 31.e4 g5 32.Nh5 Bxh5 33.Qxh5 Nxd3 34.Qf3 Bd4+ 
35.Kh1 Ne5 36.Qf5 Nxc4 37.bxc4 Re8 38.Rde1 Kg7 39.Rf3 h6 40.Re2 Be5 41.h4 
gxh4 42.Rd2 Bd4 43.Rg2+ Kh8 44.Qg6 1-0

[Event "23rd EUR-ch"]
[Site "Vrnjacka Banja SRB"]
[Date "2023.03.07"]
[Round "5.43"]
[White "Stoyanov, Tsvetan"]
[Black "Makarian, Rudik"]
[Result "1/2-1/2"]
[WhiteElo "2446"]
[BlackElo "2557"]
[EventDate "2023.03.03"]
[PlyCount "188"]

1.e4 c5 2.Nf3 e6 3.Nc3 Nc6 4.d4 cxd4 5.Nxd4 a6 6.Bf4 d6 7.Bg3 Bd7 8.Nb3 
Qc7 9.Qd2 b5 10.Bxb5 axb5 11.Nxb5 Qb6 12.Nxd6+ Bxd6 13.Bxd6 Nf6 14.f3 e5 
15.Bc5 Qb5 16.a4 Qc4 17.Rd1 Rd8 18.Bb6 Rb8 19.Bc7 Rc8 20.Bd6 Be6 21.Nc5 
Nd7 22.Nxd7 Bxd7 23.b3 Qa6 24.Qg5 Rg8 25.c4 Qb6 26.b4 Be6 27.Bc5 Qc7 28.
O-O Nxb4 29.Bd6 Qa7+ 30.c5 f6 31.Qh5+ g6 32.Qh4 g5 33.Qh6 Qg7 34.Qh5+ Qf7 
35.Qxf7+ Kxf7 36.Rb1 Nd3 37.Rb7+ Kg6 38.Rb6 Nf4 39.Ra1 Bd7 40.Bxe5 Ne6 41.
Rd1 fxe5 42.Rxd7 Rge8 43.a5 Rxc5 44.a6 Ra5 45.a7 Kf6 46.Rxh7 Re7 47.Rh6+ 
Kf7 48.Rh7+ Ng7 49.h4 gxh4 50.Rhh6 Rexa7 51.Rbf6+ Ke7 52.Rfg6 Kf8 53.Rxh4 
Rf7 54.Rh8+ Ke7 55.Rb8 Ne8 56.Rb7+ Kf8 57.Rb8 Ra1+ 58.Kh2 Rh7+ 59.Kg3 Kf7 
60.Rg5 Rg7 61.Rxg7+ Nxg7 62.Kg4 Kf6 63.g3 Ne6 64.Rb6 Rf1 65.Ra6 Rf2 66.Rb6
Ke7 67.Rb5 Kf6 68.Rb6 Re2 69.Ra6 Re3 70.Rb6 Ra3 71.f4 exf4 72.gxf4 Ra4 73.
e5+ Kf7 74.Rb7+ Kg6 75.Rb6 Kf7 76.Rb7+ Ke8 77.Rb8+ Kd7 78.Rb7+ Kc6 79.Rf7 
Kd5 80.Rf6 Rb4 81.Rf7 Ra4 82.Rf6 Rc4 83.Rf7 Ke4 84.Rf6 Nd4 85.e6 Rc8 86.
Kg5 Rg8+ 87.Kh6 Kd5 88.Kh7 Re8 89.f5 Nc6 90.Kg7 Ke5 91.Rf8 Rxf8 92.Kxf8 
Kxf5 93.e7 Nxe7 94.Kxe7 Ke5 1/2-1/2

[Event "23rd EUR-ch"]
[Site "Vrnjacka Banja SRB"]
[Date "2023.03.07"]
[Round "5.44"]
[White "Parligras, Mircea-Emilian"]
[Black "Ibadov, Dashgyn"]
[Result "1-0"]
[WhiteElo "2554"]
[BlackElo "2398"]
[EventDate "2023.03.03"]
[PlyCount "91"]

1.d4 d5 2.c4 c6 3.Nf3 Nf6 4.e3 e6 5.Bd3 Nbd7 6.b3 Bb4+ 7.Nbd2 Ne4 8.Bb2 f5
9.O-O Qf6 10.Rc1 O-O 11.Nb1 Ba5 12.Ne5 Bc7 13.f4 Qh6 14.Nc3 Nxe5 15.dxe5 
Bb6 16.Qe1 Bd7 17.Na4 Bd8 18.Ba3 Rf7 19.Nc3 g5 20.Ne2 Rg7 21.Bxe4 fxe4 22.
Qf2 gxf4 23.Qxf4 Qxf4 24.Nxf4 Bb6 25.Rce1 Rg5 26.Bd6 h5 27.a3 dxc4 28.bxc4
Rf5 29.Nh3 Rxf1+ 30.Kxf1 c5 31.Ng5 Ba4 32.Rc1 Bc6 33.Nxe6 Kf7 34.Nf4 h4 
35.Rc2 Ba4 36.Rb2 Rg8 37.Nd5 Ke6 38.Nf6 Rg7 39.Nxe4 Bc6 40.Nf6 Bd8 41.Nh5 
Rh7 42.Nf4+ Kf5 43.Rf2 b5 44.Nd3+ Kg6 45.Rf8 Rf7+ 46.Nf4+ 1-0

[Event "23rd EUR-ch"]
[Site "Vrnjacka Banja SRB"]
[Date "2023.03.07"]
[Round "5.45"]
[White "Suarez Uriel, Adrian"]
[Black "Kozak, Adam"]
[Result "0-1"]
[WhiteElo "2370"]
[BlackElo "2552"]
[EventDate "2023.03.03"]
[PlyCount "82"]

1.e4 e5 2.Nf3 Nc6 3.Bc4 Nf6 4.d3 Bc5 5.O-O d6 6.c3 a5 7.Re1 Ba7 8.Nbd2 O-O
9.h3 Be6 10.Bxe6 fxe6 11.Nc4 a4 12.Be3 Bxe3 13.Rxe3 Qe8 14.Qe1 Nh5 15.Kh2 
Nf4 16.g3 Qh5 17.Ng1 Ng6 18.Qe2 Qg5 19.h4 Qe7 20.Nh3 Rf6 21.h5 Nf8 22.f4 
Nd7 23.Rf3 Raf8 24.Raf1 exf4 25.gxf4 Rh6 26.Rg3 Nf6 27.Rg5 Qf7 28.Ne3 Rxh5
29.Qg2 Kh8 30.d4 h6 31.Rg3 d5 32.exd5 exd5 33.Kg1 Ne4 34.Rgf3 Ne7 35.Ng4 
Qg6 36.Ne5 Qxg2+ 37.Kxg2 Nd2 38.Re1 Nxf3 39.Nxf3 Ng6 40.Kg3 Rhf5 41.Re3 
Kh7 0-1

[Event "23rd EUR-ch"]
[Site "Vrnjacka Banja SRB"]
[Date "2023.03.07"]
[Round "5.46"]
[White "Ahmad, Khagan"]
[Black "Suleymanli, Aydin"]
[Result "0-1"]
[WhiteElo "2220"]
[BlackElo "2552"]
[EventDate "2023.03.03"]
[PlyCount "82"]

1.e4 e6 2.d4 d5 3.Nd2 c5 4.Ngf3 cxd4 5.Nxd4 Nc6 6.Bb5 Bd7 7.Nxc6 bxc6 8.
Bd3 Bd6 9.Qe2 Qc7 10.Nf3 Ne7 11.e5 Bc5 12.O-O Ng6 13.c4 O-O 14.b3 f5 15.h4
Ne7 16.h5 h6 17.Bf4 dxc4 18.bxc4 Rad8 19.Rad1 Be8 20.Nh4 Bb4 21.Kh2 Rd4 
22.g3 c5 23.Bb1 Nc6 24.Ng6 Bxg6 25.hxg6 Rfd8 26.Rxd4 Nxd4 27.Qh5 Qb7 28.
Kh3 Nf3 29.Bc2 Ne1 30.Rxe1 Bxe1 31.Kh2 Bd2 32.Qd1 Qd7 33.Qf3 Qe8 34.Be3 
Bxe3 35.Qxe3 Rd4 36.Qf3 Qxg6 37.Ba4 Kh7 38.Qc6 f4 39.g4 f3 40.Qxf3 Rxg4 
41.Qh3 Qg5 0-1

[Event "23rd EUR-ch"]
[Site "Vrnjacka Banja SRB"]
[Date "2023.03.07"]
[Round "5.47"]
[White "Martirosian, Haik M."]
[Black "Secheres, Adrian-Simion"]
[Result "1-0"]
[WhiteElo "2686"]
[BlackElo "2369"]
[EventDate "2023.03.03"]
[PlyCount "83"]

1.d4 Nf6 2.c4 g6 3.Nc3 Bg7 4.e4 d6 5.Be2 O-O 6.Be3 c5 7.d5 e6 8.Nf3 exd5 
9.cxd5 b5 10.e5 dxe5 11.Bxc5 Re8 12.Bxb5 Nbd7 13.Be3 Ng4 14.O-O Nxe3 15.
fxe3 Rb8 16.Qd2 Rf8 17.Bxd7 Bxd7 18.Rac1 e4 19.Nd4 f5 20.Nce2 Be5 21.b3 
Rb6 22.Qa5 Qb8 23.g3 Qb7 24.Nf4 Ra6 25.Qd2 Rd6 26.Rc5 Bxf4 27.gxf4 Rxd5 
28.Rfc1 Rxc5 29.Rxc5 Rc8 30.Qc3 Rxc5 31.Qxc5 Kf7 32.Qd6 Qc8 33.Kf2 Be8 34.
Qd5+ Kf6 35.Qg8 Qd7 36.Qh8+ Ke7 37.Qxh7+ Bf7 38.Qh4+ Ke8 39.Qh8+ Ke7 40.
Qb8 Bd5 41.h4 Kf7 42.Qh8 1-0

[Event "23rd EUR-ch"]
[Site "Vrnjacka Banja SRB"]
[Date "2023.03.07"]
[Round "5.48"]
[White "Grieve, Harry"]
[Black "Wojtaszek, Radoslaw"]
[Result "0-1"]
[WhiteElo "2455"]
[BlackElo "2682"]
[EventDate "2023.03.03"]
[PlyCount "108"]

1.e4 e5 2.Nf3 Nc6 3.Bb5 a6 4.Ba4 Nf6 5.d4 exd4 6.O-O Be7 7.e5 Ne4 8.Nxd4 
O-O 9.Nf5 d5 10.Nxe7+ Nxe7 11.c3 Nc5 12.Bc2 Bf5 13.Na3 Qd7 14.Be3 b6 15.
Re1 Ne6 16.Qh5 Bxc2 17.Nxc2 c5 18.Bg5 Nxg5 19.Qxg5 Rad8 20.Ne3 h6 21.Qg3 
Qe6 22.b3 Rd7 23.f4 d4 24.cxd4 cxd4 25.Nc4 Nf5 26.Qh3 d3 27.Rad1 Rfd8 28.
Rd2 Rd4 29.g4 Qg6 30.Kh1 Ne7 31.Qf3 h5 32.gxh5 Qh6 33.Re4 Qc6 34.Re3 R8d5 
35.f5 b5 36.f6 bxc4 37.bxc4 Rxe5 38.fxe7 Qxf3+ 39.Rxf3 Rxe7 40.Rfxd3 Rxc4 
41.Ra3 Re6 42.Rg2 Rc5 43.Rag3 Re1+ 44.Rg1 Rxg1+ 45.Rxg1 Kh7 46.a4 Rc4 47.
a5 Rc5 48.Ra1 Rg5 49.h4 Rxh5 50.Ra4 g5 51.Kg2 Rxh4 52.Rxh4+ gxh4 53.Kh3 
Kg6 54.Kxh4 Kf5 0-1

[Event "23rd EUR-ch"]
[Site "Vrnjacka Banja SRB"]
[Date "2023.03.07"]
[Round "5.50"]
[White "Shubin, Kirill"]
[Black "Donchenko, Alexander"]
[Result "1/2-1/2"]
[WhiteElo "2449"]
[BlackElo "2653"]
[EventDate "2023.03.03"]
[PlyCount "39"]

1.e4 c5 2.Nf3 d6 3.d4 cxd4 4.Nxd4 Nf6 5.Nc3 a6 6.h4 e5 7.Nb3 Be6 8.f4 g6 
9.h5 Nc6 10.hxg6 fxg6 11.f5 gxf5 12.Bg5 Rg8 13.Qd2 Be7 14.exf5 Bxf5 15.
O-O-O Ne4 16.Nxe4 Bxg5 17.Nxg5 Qxg5 18.Qxg5 Rxg5 19.Rxd6 Ke7 20.Rd2 
1/2-1/2

[Event "23rd EUR-ch"]
[Site "Vrnjacka Banja SRB"]
[Date "2023.03.07"]
[Round "5.51"]
[White "Stankovic, Milos"]
[Black "Chigaev, Maxim"]
[Result "1/2-1/2"]
[WhiteElo "2447"]
[BlackElo "2632"]
[EventDate "2023.03.03"]
[PlyCount "88"]

1.e4 e5 2.Nf3 Nc6 3.Nc3 Nf6 4.Bb5 Bb4 5.O-O O-O 6.Bxc6 dxc6 7.d3 Re8 8.Ne2
a5 9.a4 Bd6 10.Ng3 c5 11.Nd2 Nd7 12.Nc4 Nb8 13.f4 exf4 14.Nxd6 cxd6 15.
Bxf4 Nc6 16.Qh5 Be6 17.Rf2 f6 18.Nf5 Bxf5 19.Qxf5 Ne5 20.Raf1 Qc8 21.Qxc8 
Raxc8 22.Bxe5 Rxe5 23.b3 Rce8 24.Rf5 Kf7 25.g4 Rxf5 26.Rxf5 g6 27.Rf3 Re5 
28.Kf2 h5 29.h3 d5 30.exd5 Rxd5 31.Re3 h4 32.Kf3 f5 33.gxf5 gxf5 34.Kf4 
Kf6 35.Re8 Rd4+ 36.Ke3 b6 37.Rf8+ Ke5 38.Re8+ Kf6 39.Rf8+ Ke5 40.Rh8 Rb4 
41.Rh6 Kd5 42.Rf6 Ke5 43.Rh6 Kd5 44.Rf6 Ke5 1/2-1/2

[Event "23rd EUR-ch"]
[Site "Vrnjacka Banja SRB"]
[Date "2023.03.07"]
[Round "5.52"]
[White "Badelka, Olga"]
[Black "Rodshtein, Maxim"]
[Result "1-0"]
[WhiteElo "2428"]
[BlackElo "2622"]
[EventDate "2023.03.03"]
[PlyCount "87"]

1.d4 Nf6 2.Nc3 d5 3.Bf4 a6 4.e3 e6 5.g4 Bd6 6.Qf3 b5 7.g5 Nfd7 8.O-O-O Bb7
9.Bxd6 cxd6 10.Qg3 Nb6 11.h4 Nc6 12.Bd3 Rc8 13.Nf3 Nb4 14.Kb1 Nxd3 15.cxd3
O-O 16.Rc1 Qd7 17.Ne2 b4 18.Rxc8 Rxc8 19.Rc1 a5 20.h5 Re8 21.h6 Ba6 22.Ne1
e5 23.Rc2 g6 24.dxe5 dxe5 25.Nc1 Qe7 26.Rc6 Qb7 27.Rc5 Nd7 28.Rxa5 Rc8 29.
Nb3 Qc6 30.a4 bxa3 31.Rxa3 Qd6 32.Qg4 Nf8 33.Qa4 Rc6 34.d4 Rb6 35.dxe5 
Qxe5 36.Qd4 Qxd4 37.Nxd4 f6 38.Nef3 Kf7 39.Rc3 Ne6 40.Nxe6 Kxe6 41.Rc7 Kf5
42.Rxh7 Bd3+ 43.Kc1 Be4 44.Rf7 1-0

[Event "23rd EUR-ch"]
[Site "Vrnjacka Banja SRB"]
[Date "2023.03.07"]
[Round "5.53"]
[White "Motylev, Alexander"]
[Black "Erdogmus, Yagiz Kaan"]
[Result "1/2-1/2"]
[WhiteElo "2621"]
[BlackElo "2445"]
[EventDate "2023.03.03"]
[PlyCount "62"]

1.e4 c5 2.Nf3 e6 3.c3 d5 4.exd5 Qxd5 5.d4 Nf6 6.Na3 Qd8 7.Nc4 Nc6 8.Be3 
Nd5 9.Bd3 Be7 10.O-O O-O 11.Qc2 f5 12.dxc5 Nxe3 13.fxe3 Bxc5 14.Nd4 Qc7 
15.b4 Be7 16.Qb3 g6 17.Rae1 Kg7 18.e4 Nxd4 19.cxd4 Bf6 20.d5 exd5 21.exd5 
b5 22.Na5 Bd7 23.Kh1 Rac8 24.d6 Qxd6 25.Nb7 Qb6 26.Nc5 Rcd8 27.Ne6+ Bxe6 
28.Rxe6 Qb7 29.Rfe1 Rd4 30.Bf1 Qd7 31.Ra6 Rc8 1/2-1/2

[Event "23rd EUR-ch"]
[Site "Vrnjacka Banja SRB"]
[Date "2023.03.07"]
[Round "5.54"]
[White "Seemann, Jakub"]
[Black "Kollars, Dmitrij"]
[Result "1-0"]
[WhiteElo "2424"]
[BlackElo "2618"]
[EventDate "2023.03.03"]
[PlyCount "85"]

1.e4 e5 2.Nf3 Nc6 3.d4 exd4 4.Nxd4 Bb4+ 5.c3 Bc5 6.Be3 Bb6 7.Nd2 Nf6 8.
Nxc6 bxc6 9.Bg5 d6 10.Bd3 h6 11.Bh4 g5 12.Bg3 Qe7 13.h4 g4 14.h5 Rg8 15.
Qa4 Bb7 16.O-O-O Nd7 17.Bh4 f6 18.e5 Nxe5 19.Bf5 Bc8 20.Bxc8 Rxc8 21.Nc4 
Qe6 22.Nxe5 dxe5 23.Rhe1 Rd8 24.Qc2 Rg7 25.Rxd8+ Kxd8 26.Qd2+ Kc8 27.Qxh6 
Rd7 28.Qxf6 Qxa2 29.Qxc6 Rd6 30.Qa8+ Kd7 31.Qe4 Kc8 32.Qa8+ Kd7 33.Qe4 Kc8
34.Qxg4+ Kb8 35.Rxe5 a5 36.h6 Bd4 37.Re8+ Ka7 38.Ra8+ Kb6 39.Rb8+ Ka7 40.
Ra8+ Kb6 41.Be7 Qc4 42.Qf3 Rd5 43.Rd8 1-0

[Event "23rd EUR-ch"]
[Site "Vrnjacka Banja SRB"]
[Date "2023.03.07"]
[Round "5.55"]
[White "Socko, Bartosz"]
[Black "Baum, Jonasz"]
[Result "1/2-1/2"]
[WhiteElo "2618"]
[BlackElo "2426"]
[EventDate "2023.03.03"]
[PlyCount "76"]

1.d4 Nf6 2.c4 e6 3.Nc3 Bb4 4.Qc2 d5 5.a3 Bxc3+ 6.Qxc3 O-O 7.Bg5 c5 8.dxc5 
d4 9.Qc2 Nc6 10.Nf3 e5 11.e4 dxe3 12.Bxe3 Ng4 13.Qd2 Nxe3 14.fxe3 Qf6 15.
Be2 e4 16.Nd4 Ne5 17.Qc2 Bg4 18.Qxe4 Bxe2 19.Nxe2 Rad8 20.Nf4 Qh4+ 21.g3 
Qg4 22.O-O Rfe8 23.b3 Rd2 24.Qxb7 g5 25.Ng2 Qh3 26.Rad1 Rxd1 27.Rxd1 Ng4 
28.Qf3 Qxh2+ 29.Kf1 Ne5 30.Qf2 Ng4 31.Qf3 Ne5 32.Qf2 Qh1+ 33.Ke2 Qh5+ 34.
Ke1 Nf3+ 35.Kf1 Nh2+ 36.Ke1 Nf3+ 37.Kf1 Nh2+ 38.Ke1 Nf3+ 1/2-1/2

[Event "23rd EUR-ch"]
[Site "Vrnjacka Banja SRB"]
[Date "2023.03.07"]
[Round "5.56"]
[White "Kochavi, Ori"]
[Black "Warmerdam, Max"]
[Result "1/2-1/2"]
[WhiteElo "2417"]
[BlackElo "2614"]
[EventDate "2023.03.03"]
[PlyCount "202"]

1.e4 c5 2.Nf3 d6 3.d4 cxd4 4.Nxd4 Nf6 5.Nc3 a6 6.Be3 e5 7.Nf3 Be7 8.Bc4 
Be6 9.Bxe6 fxe6 10.Ng5 Qd7 11.Qf3 Nc6 12.Qh3 Nd8 13.Bb6 h6 14.a3 O-O 15.
Bxd8 hxg5 16.Bxe7 Qxe7 17.Qd3 Rac8 18.h4 Nh5 19.O-O-O Rxf2 20.hxg5 Nf4 21.
Qxd6 Qxd6 22.Rxd6 Rxg2 23.Rd7 b5 24.Rd6 Ra8 25.Na2 a5 26.Rb6 Rxg5 27.Rxb5 
Kf7 28.Nc3 Kf6 29.Rb6 Rg2 30.Nd5+ Kg5 31.Nc7 Rc8 32.Rc6 Kg4 33.b4 Ne2+ 34.
Kb1 Nd4 35.Rc5 Nxc2 36.Rxc2 Rxc2 37.Kxc2 Rxc7+ 38.Kd3 axb4 39.axb4 g5 40.
Rg1+ Kf3 41.Rf1+ Kg2 42.Rf6 Re7 43.Rg6 Kf3 44.Rf6+ Kg2 45.Rg6 Kf3 46.Rf6+ 
Kg3 47.Ke3 g4 48.Rh6 Kg2 49.Rh5 g3 50.Rxe5 Kg1 51.Rg5 g2 52.Kd4 Rb7 53.Kc5
Kf2 54.b5 g1=Q 55.Rxg1 Kxg1 56.Kc6 Rb8 57.Kd6 Rb6+ 58.Kc5 Rb8 59.Kd6 Kf2 
60.Kxe6 Ke3 61.Kd6 Kd4 62.Kc6 Rc8+ 63.Kd6 Rb8 64.Kc6 Re8 65.b6 Re6+ 66.Kc7
Kc5 67.b7 Re7+ 68.Kc8 Kc6 69.b8=N+ Kd6 70.e5+ Rxe5 71.Kb7 Rb5+ 72.Ka7 Kc7 
73.Na6+ Kc8 74.Ka8 Rb1 75.Ka7 Kd7 76.Nb8+ Kd6 77.Na6 Kd5 78.Nb8 Rb2 79.Na6
Kc6 80.Nb8+ Kd6 81.Na6 Rb5 82.Nb8 Kc7 83.Na6+ Kc8 84.Ka8 Rb7 85.Nc5 Rg7 
86.Na6 Rh7 87.Nb4 Kc7 88.Ka7 Rh4 89.Na6+ Kc6 90.Nb8+ Kb5 91.Kb7 Rh7+ 92.
Kc8 Kc5 93.Nd7+ Kd6 94.Nb8 Rc7+ 95.Kd8 Rc1 96.Na6 Rc4 97.Nb8 Rh4 98.Kc8 
Rb4 99.Na6 Rb6 100.Nb8 Rb1 101.Na6 Ke5 1/2-1/2

[Event "23rd EUR-ch"]
[Site "Vrnjacka Banja SRB"]
[Date "2023.03.07"]
[Round "5.57"]
[White "Tekeev, Zaur"]
[Black "Bjerre, Jonas Buhl"]
[Result "0-1"]
[WhiteElo "2415"]
[BlackElo "2608"]
[EventDate "2023.03.03"]
[PlyCount "96"]

1.e4 c5 2.Nf3 d6 3.Bb5+ Nd7 4.c4 Nf6 5.Nc3 e5 6.d3 Be7 7.O-O O-O 8.Ba4 Nb6
9.Bc2 Ne8 10.a3 f5 11.exf5 Bxf5 12.Nd2 Kh8 13.Re1 Nc7 14.Nde4 d5 15.cxd5 
Nbxd5 16.Nxd5 Nxd5 17.b3 Nf4 18.Bb2 Qd5 19.Re3 Bh4 20.f3 Rae8 21.Kh1 Bd8 
22.Qd2 Bb6 23.Ree1 Bg6 24.Qc3 Bh5 25.Nd2 Nxg2 26.Rxe5 Rxe5 27.Qxe5 Qxe5 
28.Bxe5 Ne3 29.Bd1 Ba5 30.Nc4 Nxd1 31.Nxa5 Bxf3+ 32.Kg1 Be2 33.h4 Rf5 34.
d4 cxd4 35.Nc4 b5 36.Nd6 Rf1+ 37.Kh2 d3 38.Rc1 h5 39.Rc7 Kg8 40.Rxg7+ Kf8 
41.Rxa7 Ne3 42.Bg7+ Kg8 43.Ne4 Rf4 44.Nc3 d2 45.Bh6 Ng4+ 46.Kg2 Rf2+ 47.
Kg1 Rf1+ 48.Kg2 Nxh6 0-1

[Event "23rd EUR-ch"]
[Site "Vrnjacka Banja SRB"]
[Date "2023.03.07"]
[Round "5.58"]
[White "Baenziger, Fabian"]
[Black "Ivic, Velimir"]
[Result "1/2-1/2"]
[WhiteElo "2413"]
[BlackElo "2606"]
[EventDate "2023.03.03"]
[PlyCount "60"]

1.d4 Nf6 2.c4 g6 3.Nf3 Bg7 4.g3 b6 5.Bg2 Bb7 6.O-O O-O 7.Nc3 Ne4 8.Qc2 
Nxc3 9.Qxc3 c5 10.Be3 d6 11.Rfd1 Nd7 12.Qd2 cxd4 13.Bxd4 Bxd4 14.Nxd4 Bxg2
15.Kxg2 Qc7 16.b3 Qb7+ 17.f3 Rac8 18.Rac1 a6 19.Rc3 Ne5 20.Rdc1 Rc5 21.Nc2
b5 22.cxb5 Rxc3 23.Qxc3 Rc8 24.Qe3 Qxb5 25.Nd4 Qd7 26.Rc3 Qd8 27.Qc1 Rxc3 
28.Qxc3 Qb6 29.b4 d5 30.Nf5 gxf5 1/2-1/2

[Event "23rd EUR-ch"]
[Site "Vrnjacka Banja SRB"]
[Date "2023.03.07"]
[Round "5.59"]
[White "Gaehwiler, Gabriel"]
[Black "Hovhannisian, Robert"]
[Result "0-1"]
[WhiteElo "2413"]
[BlackElo "2597"]
[EventDate "2023.03.03"]
[PlyCount "114"]

1.d4 d5 2.c4 e6 3.Nf3 Nf6 4.g3 Bb4+ 5.Bd2 a5 6.Bg2 dxc4 7.Qc2 Nc6 8.Qxc4 
Qd5 9.Qxd5 exd5 10.Nc3 a4 11.O-O O-O 12.Rfc1 Bf5 13.e3 Rfd8 14.Nb5 Ba5 15.
Bxa5 Rxa5 16.Bf1 Ne8 17.Rc5 Ne7 18.Nd6 Rxc5 19.Nxf5 Rc2 20.Nxe7+ Kf8 21.
Ne1 Rxb2 22.Nd3 Rd2 23.Nf5 Nd6 24.Nxd6 Rxd6 25.a3 g5 26.Nc5 b6 27.Nxa4 Rc6
28.Bg2 Rc4 29.Nxb6 cxb6 30.Bxd5 Rcc2 31.Rf1 f5 32.Be6 f4 33.exf4 gxf4 34.
Bf5 Ra2 35.Bxh7 Rxa3 36.gxf4 Kg7 37.Bb1 b5 38.Kg2 b4 39.Rc1 Rc3 40.Re1 
Rxd4 41.Re7+ Kf6 42.Rb7 Rxf4 43.h3 Ke5 44.Bh7 Kd6 45.Rb8 Kc7 46.Rb5 Rc6 
47.Kg3 Rcf6 48.h4 Kc6 49.Ra5 b3 50.h5 Rf3+ 51.Kg4 Rxf2 52.Kg5 Rf7 53.Be4+ 
Kb6 54.Ra3 Rg7+ 55.Kh6 Rg3 56.Bd5 Rf6+ 57.Kh7 b2 0-1

[Event "23rd EUR-ch"]
[Site "Vrnjacka Banja SRB"]
[Date "2023.03.07"]
[Round "5.60"]
[White "Tutisani, Noe"]
[Black "Lagarde, Maxime"]
[Result "1/2-1/2"]
[WhiteElo "2411"]
[BlackElo "2581"]
[EventDate "2023.03.03"]
[PlyCount "103"]

1.e4 c5 2.Nf3 Nc6 3.d4 cxd4 4.Nxd4 Nf6 5.Nc3 e5 6.Ndb5 d6 7.Nd5 Nxd5 8.
exd5 Ne7 9.c4 Ng6 10.Qa4 Bd7 11.Qb4 Qb8 12.Be3 a6 13.Nc3 Be7 14.Na4 Qc7 
15.Nb6 Rb8 16.h4 h5 17.Rc1 O-O 18.g3 f5 19.c5 Be8 20.Qb3 Kh8 21.Qd1 e4 22.
Nc4 f4 23.cxd6 Bxd6 24.Nxd6 Qxd6 25.Bc5 Qf6 26.Bxf8 Ne5 27.Rc3 Qxf8 28.
gxf4 Nf3+ 29.Rxf3 exf3 30.Bd3 Qxf4 31.Qd2 Qe5+ 32.Qe3 Qxd5 33.Qe4 Qxe4+ 
34.Bxe4 Bc6 35.Bxc6 bxc6 36.Rh3 Rxb2 37.Rxf3 Rb5 38.Rc3 Re5+ 39.Kd2 c5 40.
f4 Rd5+ 41.Ke3 Kh7 42.Ke4 Rd4+ 43.Ke3 Ra4 44.Rxc5 Kg6 45.Kf3 Ra3+ 46.Ke4 
Rxa2 47.f5+ Kh7 48.Rc7 Re2+ 49.Kf4 a5 50.Ra7 Rg2 51.Kf3 Rg1 52.Ke4 1/2-1/2

[Event "23rd EUR-ch"]
[Site "Vrnjacka Banja SRB"]
[Date "2023.03.07"]
[Round "5.61"]
[White "Kobalia, Mikhail"]
[Black "Levin, Guy"]
[Result "1-0"]
[WhiteElo "2577"]
[BlackElo "2419"]
[EventDate "2023.03.03"]
[PlyCount "185"]

1.e4 c5 2.Nf3 Nc6 3.Bb5 g6 4.O-O Bg7 5.c3 e5 6.Na3 Nge7 7.Nc4 O-O 8.Nd6 
Qc7 9.Nxc8 Raxc8 10.d3 d5 11.Bg5 f6 12.Be3 a6 13.Ba4 Qd6 14.Qe2 b5 15.Bc2 
f5 16.Bg5 Bf6 17.a4 b4 18.a5 Bxg5 19.Nxg5 bxc3 20.bxc3 h6 21.Nf3 c4 22.
exd5 Nxd5 23.dxc4 Nxc3 24.Qe3 Nd4 25.Nxd4 exd4 26.Qxh6 Kf7 27.c5 Qxc5 28.
Rfe1 Rce8 29.Bd3 Rh8 30.Qg5 Qd6 31.h3 Rhf8 32.h4 Kg7 33.h5 Ne4 34.Qxg6+ 
Qxg6 35.hxg6 Nc5 36.Rxe8 Rxe8 37.Bxf5 d3 38.Rd1 Rd8 39.g4 d2 40.Bc2 Nb7 
41.Kg2 Nxa5 42.Rh1 Rd6 43.Kf3 Nc4 44.Kf4 Nb2 45.Rh7+ Kf8 46.Bb3 Rxg6 47.
Rd7 Rf6+ 48.Kg3 Rb6 49.Bc2 Nc4 50.Rd4 Rb2 51.Bd1 Rb1 52.Be2 Re1 53.Rxc4 
Rxe2 54.Rd4 a5 55.Kf3 Re8 56.Rxd2 a4 57.Ra2 Ra8 58.Ra3 Ke7 59.Ke4 Kf6 60.
f4 Kg6 61.Ke5 Re8+ 62.Kd5 Ra8 63.Kc6 Kf6 64.Kb5 Rb8+ 65.Kxa4 Ke6 66.Rb3 
Rg8 67.Rb6+ Kd5 68.g5 Rf8 69.Rb4 Ke6 70.Kb5 Kf5 71.Kc6 Rd8 72.Kc5 Rd1 73.
Rd4 Re1 74.Kd6 Re6+ 75.Kd7 Re1 76.Kd8 Re6 77.Rc4 Re2 78.Rc7 Re6 79.Rf7+ 
Kg6 80.Re7 Ra6 81.Re5 Ra8+ 82.Ke7 Ra7+ 83.Kd6 Rf7 84.Re4 Kf5 85.Rc4 Rg7 
86.Rb4 Ra7 87.Rb5+ Kxf4 88.Ke6 Ra6+ 89.Kf7 Ra7+ 90.Kf6 Ra6+ 91.Kg7 Ra7+ 
92.Kh6 Ra6+ 93.g6 1-0

[Event "23rd EUR-ch"]
[Site "Vrnjacka Banja SRB"]
[Date "2023.03.07"]
[Round "5.62"]
[White "David, Alexandru-Vasile"]
[Black "Grigoriants, Sergey"]
[Result "1/2-1/2"]
[WhiteElo "2410"]
[BlackElo "2572"]
[EventDate "2023.03.03"]
[PlyCount "44"]

1.d4 Nf6 2.c4 e6 3.Nc3 Bb4 4.e3 O-O 5.Bd3 d5 6.a3 Bxc3+ 7.bxc3 dxc4 8.Bxc4
c5 9.Nf3 Qc7 10.Be2 Nc6 11.Bb2 Rd8 12.Qc2 Ne7 13.O-O b6 14.c4 Bb7 15.Ne5 
cxd4 16.exd4 b5 17.c5 Be4 18.Qc1 Rab8 19.Rd1 a5 20.Bc3 Nc6 21.Nxc6 Bxc6 
22.Rb1 Rb7 1/2-1/2

[Event "23rd EUR-ch"]
[Site "Vrnjacka Banja SRB"]
[Date "2023.03.07"]
[Round "5.63"]
[White "Laurusas, Tomas"]
[Black "Milikow, Yoav"]
[Result "1-0"]
[WhiteElo "2571"]
[BlackElo "2416"]
[EventDate "2023.03.03"]
[PlyCount "49"]

1.d4 d5 2.c4 e6 3.Nf3 Nf6 4.Nc3 Bb4 5.cxd5 exd5 6.Qb3 Qd6 7.g3 Ne4 8.Bg2 
Qb6 9.O-O c6 10.Nxe4 dxe4 11.Ng5 O-O 12.Bxe4 g6 13.Rd1 Nd7 14.Bd3 Be7 15.
Bc4 Qxb3 16.Bxb3 Nb6 17.Kg2 a5 18.a4 Bf5 19.f3 h6 20.Nh3 g5 21.e4 Bg6 22.
Nf2 c5 23.dxc5 Bxc5 24.Nd3 Bd4 25.Nf4 1-0